000 00551nam a2200193 a 4500
001 000032776
005 20200930065828.0
008 110726s1981 dr 000 p spa d
040 _aDO-SdBNP
_bspa
_cBNPHU
082 _axxxx
_bxxx
100 1 _aJames, Norberto
_958608
245 1 0 _aVivir Norberto James. /
_cNorberto James.
260 _aSanto Domingo,
_fAmigo del hogar
_c1981.
300 _a52 p. ;
_c22 cm.
490 1 _aLuna Cabeza Caliente
490 1 _aNovilunio
_v1
830 0 _aLuna Cabeza Caliente
_925200
830 0 _aNovilunio
_v1
_958609
999 _c32267
_d32267